000 00412nam a2200121Ia 4500
008 180412s9999||||xx |||||||||||||| ||und||
020 _a1853830100
040 _aAhmadu Bello University Library - Zaria
100 _aDon Hinrichsen
245 0 _aOur Common Future a Readers Guide
_cINTERNATIONAL INSTITUTE FOR ENVIRONMENT AND DEVELOPMENT.
260 _bIIED, London.
_c1987
300 _a38p.
500 _aOur common future a readers guide.
999 _c6120
_d6120